000 00493nam a2200181Ia 4500
008 100920s9999 xx 000 0 und d
082 _b35211
_a6 थ 72
100 _aGARFIELD BRIAN.
245 _aLINE OF SUCCESSION.
260 _bDELL PUBLISHING COMPANY, INC, NEW YORK.
_c1972
300 _a363
_bसाधी
365 _b14.55
520 _aई.एल. एफ.
630 _aLINE OF SUCCESSION.
650 _aई.एल. एफ.
730 _aLINE OF SUCCESSION.
942 _cBOOK
999 _c689221
_d689218